000
00238nam a2200109Ia 4500
005
20251222113744.0
008
251222s1900||||xx |||||||||||||| ||spa||
082
_a
DVD0150/B17/V.30
245
0
_a
La Biblia
250
_a
Baldemore
942
_c
DVD
999
_c
707
_d
707